00341nam a2200145Ia 4500008004100000041000800041082001700049100001300066245003900079260001300118300002200131365001700153500001200170700001300182230718s9999 xx 000 0 und d aeng a792.025bBAU aBaugh C. aTheatre Performance And Technology bPalgrave dRef 302 G (27229) cRs.b1388.00 a302 GEN aBaugh C.